00545nam a2200157Ia 4500008004100000082001900041100001800060245003700078250000800115260004900123300001000172650001400182942001500196952016100211999001500372150201s1999 xx 000 0 und d a617.63bE1999J aJOHNSON,ORLEN aESSENTIALS OF DENTAL RADIOGRAPHY a6TH bAPPLETON & LANGE PUBLICATIONaNEW YORKc1999 a1-572 aRADIOLOGY 2ddccBK01 00102ddc4070aFDbFDd2008-01-09eDELHI BOOK STORE DELHIg59.00h1iSGTUl2o617.63 E1999JpFD4690r2025-12-09 00:00:00s2025-11-27w2012-10-13yBKk1550 c3798d3798